16 Greatest Centers in NHL Post-Expansion History - Statistics

General Stats
  • This quiz has been taken 125 times
  • The average score is 13 of 16
Answer Stats
# Team Center % Correct
2 Penguins Mario Lemieux
99%
1 Oilers Wayne Gretzky
99%
4 Penguins Sidney Crosby
98%
14 Penguins Evgeni Malkin
93%
3 Oilers Mark Messier
90%
5 Red Wings Steve Yzerman
88%
7 Avalanche Joe Sakic
87%
11 Avalanche Peter Forsberg
84%
9 Kings Marcel Dionne
78%
12 Flyers Bobby Clarke
76%
8 Islanders Bryan Trottier
71%
6 Bruins Phil Esposito
70%
10 Whalers Ron Francis
66%
16 Flyers Eric Lindros
62%
15 Sabres Gilbert Perreault
55%
13 Islanders Pat LaFontaine
55%
No matching quizzes found
Score Distribution
Percent of People with Each Score
Percentile by Number Answered
Your Score History
You have not taken this quiz